000 005430000a22002290004500
003 LK-CoMWRAF
005 20230924205458.0
008 230817t ||||| |||| 00| 0 eng d
020 _a0860371255
040 _aLK-CoMWRAF
_dLK-CoMWRAF
_eLK-CoMWRAF
041 _aeng
082 _a297.382
_bALG
100 _aAL-Ghazali
245 _aInner dimensions of Islamic worship
260 _aUK :
_bThe Islamic foundation,
_c1986
300 _a142p
650 _afasting
650 _ahajj
650 _asalat
650 _azakat
942 _cBK
999 _c111
_d111